| 000 | 00574nam a22001937a 4500 | ||
|---|---|---|---|
| 005 | 20130611144020.0 | ||
| 010 | _aENG-107551 | ||
| 020 |
_a9788122202199 _c295.00 |
||
| 035 | _aEN-91084 | ||
| 037 | _bDBAD/PUB | ||
| 082 | _a615.852 | ||
| 100 | _aBergner, Paul | ||
| 245 |
_aThe healing power of garlic / _cby Paul Bergner |
||
| 260 |
_aNew Delhi _bOrient Paperbacks _c2012 |
||
| 270 |
_a5A/8 Ansari Road _bNew Delhi _e110002 |
||
| 300 |
_a263p. _c22cm(pbk) |
||
| 500 | _aIncludes bibliographical references and index | ||
| 942 |
_2ddc _cEN _mBER _h615.852 |
||
| 999 |
_c76468 _d76468 |
||